00644nam a2200217Ia 4500003000400000005001700004008004100021020001500062040001800077041000800095082001800103100002000121245005800141250000600199260005100205300002800256650004300284650003000327650003000357650003900387OSt20240927102301.0210716s1987 xx 000 0 und d a0070357781 cAIMIT LIBRARY aeng a005.73 bLABK aLabudde, Keith. aStructured programming concepts /cBy LaBudde, Keith. a1 aNew York :bMc Graw Hill Book Company ,c1987. axvi,222 p.;bPBc27 cm. aIntroduction to structured programming aMultilevel control breaks aMultilevel control breaks aComplex combinations of conditions